مكتبة جامعة عجلون الوطنية

فهرس بحث المكتبة

Normal view MARC view
  • الخالدي،عطالله فؤاد مؤلف/الصيخان،إبراهيم سالم م.مشارك

Entry Personal Name

Number of records used in: 1

001 - CONTROL NUMBER

  • control field: 28604

003 - CONTROL NUMBER IDENTIFIER

  • control field: JO-AjAnu

005 - DATE AND TIME OF LATEST TRANSACTION

  • control field: 20230606074839.0

008 - FIXED-LENGTH DATA ELEMENTS

  • fixed length control field: 230606|| aca||aabn | a|a d

040 ## - CATALOGING SOURCE

  • Original cataloging agency: JO-AjAnu
  • Transcribing agency: JO-AjAnu

100 ## - HEADING--PERSONAL NAME

  • Personal name: الخالدي،عطالله فؤاد مؤلف/الصيخان،إبراهيم سالم م.مشارك

670 ## - SOURCE DATA FOUND

  • Source citation: Work cat.: (JO-AjAnu)14684: الخالدي،عطالله فؤاد مؤلف/الصيخان،إبراهيم سالم م.مشارك, author, نماذج في التطبيق العملي للإرشاد في المدارس والمراكز والجامعات